Вони воювали за Батьківщину (Запис № 442816)

МАРК-запис
000 -Лідер
fixed length control field 00805nam a22002297a 4500
003 - Ідентифікатор контрольного номера
control field UA-OsUOA
005 - Дата та час останнього входження (трансакції)
control field 20191219125424.0
008 - Елементи даних фіксованої довжини – загальна інформація
fixed length control field 191115b un ||||| |||| 00| 0 ukr d
040 ## - Джерело каталогізації
Агенція оригінальної каталогізації UA-OsUOA
Мова каталогізації ukr
Агенція, яка здійснювала перезапис UA-OsUOA
Агенція, яка здійснювала модифікацію UA-OsUOA
041 ## - Код мови
Код мови тексту/ звукової доріжки чи окремого заголовка (П) ukr
080 ## - Індекс Універсальної десяткової класифікації
Індекс Універсальної десяткової класифікації (УДК) (НП) 821.161.1
090 ## - Локальний шифр розміщення
Класифікаційний індекс УДК 821.161.1
Авторський знак (НП) Ш78
100 ## - Основне введення – ім’я особи
Ім’я особи (НП) Щолохов М
245 ## - Відомості про назву
Назва (НП) Вони воювали за Батьківщину
Решта назви (НП) розділи з роману
Дані про відповідальність (НП) Михайло Шолохов ; перекл. з рос.С. Ковганюк
260 ## - Публікація, розповсюдження і т.п. (Вихідні дані)
Місце публікації, розповсюдження і т.п. (П) Київ
Ім’я/ наймення видавництва, розповсюджувача і т.п. (П) Дніпро
Дата публікації, розповсюдження і т.п. (П) 1975
300 ## - Фізичний опис
Обсяг 203 с.
490 ## - Область серії
Назва серії Мужність
650 ## - Додаткове предметне введення – тематичний термін
Тематичний термін чи географічна назва, як елемент введення (НП) 821.161.1
942 ## - Додаткові елементи входу (Коха)
Source of classification or shelving scheme Universal Decimal Classification
Тип елемента Koha Книги
955 ## - Код типу видання за змістом
Код типу видання за змістом (НП) Літературно-художні видання
Фонди
Стан вилучень Стан втрат Джерело класифікації або схеми стелажів Стан уражень Не для кредиту Постійне місце розташування Поточне розміщення Дата придбання Інвентарний номер Усього замовленно Повний номер виклику Штрих-код Дата останнього перегляду Ціна ефективна від Тип елемента Koha
    Universal Decimal Classification     АБ - Абонемент НБ АБ - Абонемент НБ 15/11/2010 10221   821.161.1 Ш78 10221 30/06/2022 15/11/2019 Книги